Flags of Christian Countries - Sudden Death - Statistics

General Stats
  • This quiz has been taken 629 times
  • The average score is 6 of 18
Answers on the Grid
Answers color-coded by a green-red scale on the quiz's grid according to % correct below.
 
Answer Stats
Answer % Correct
United States
70%
Mexico
56%
Greece
55%
Ireland
54%
Norway
46%
Italy
45%
Jamaica
42%
Canada
42%
Nicaragua
40%
Ethiopia
33%
Latvia
32%
Bulgaria
29%
South Africa
24%
East Timor
21%
Guyana
19%
Russia
17%
Ecuador
10%
Fiji
6%
No matching quizzes found
Score Distribution
Percent of People with Each Score
Percentile by Number Answered
Your Score History
You have not taken this quiz